|
|
|
|
| LEADER |
00000nam0a2200000 4500 |
| 001 |
259116 |
| 005 |
20231101233346.0 |
| 020 |
|
|
|a RU
|b 88-12711
|
| 035 |
|
|
|a (RuTPU)RU\TPU\book\282026
|
| 090 |
|
|
|a 259116
|
| 100 |
|
|
|a 20140505d1987 k a0rusy5003 ca
|
| 101 |
0 |
|
|a rus
|
| 102 |
|
|
|a RU
|
| 105 |
|
|
|a a z 001zy
|
| 200 |
1 |
|
|a Совершенствование методов и средств маркшейдерского обеспечения горного производства
|e сборник научных трудов
|f Всесоюзный научно-исследовательский институт горной геомеханики и маркшейдерского дела ; под ред. Н. А. Филатова
|
| 210 |
|
|
|a Ленинград
|c Изд-во ВНИМИ
|d 1987
|
| 215 |
|
|
|a 86 с.
|c ил.
|
| 320 |
|
|
|a Библиогр. в конце ст.
|
| 606 |
1 |
|
|a Маркшейдерские планы
|x Горное дело
|2 stltpush
|3 (RuTPU)RU\TPU\subj\41060
|9 60879
|
| 610 |
1 |
|
|a маркшейдерское дело
|
| 610 |
1 |
|
|a маркшейдерское обеспечение
|
| 610 |
1 |
|
|a методы
|
| 610 |
1 |
|
|a средства
|
| 610 |
1 |
|
|a маркшейдерские инструменты
|
| 610 |
1 |
|
|a деформация
|
| 610 |
1 |
|
|a погрешности
|
| 675 |
|
|
|a 622.1:528
|z rus
|
| 702 |
|
1 |
|a Филатов
|b Н. А.
|4 340
|
| 712 |
0 |
2 |
|a Всесоюзный научно-исследовательский институт горной геомеханики и маркшейдерского дела
|2 stltpush
|3 (RuTPU)RU\TPU\col\12156
|
| 801 |
|
0 |
|a RU
|b RuMRKP
|c 19960705
|g psbo
|
| 801 |
|
1 |
|a RU
|b 63413507
|c 20140505
|
| 801 |
|
2 |
|a RU
|b 63413507
|c 20141111
|g RCR
|
| 942 |
|
|
|c BK
|